El conocimiento tácito y el conocimiento codificado en la economía basada en el conocimiento (Registro nro. 28960)

Detalles MARC
000 -LEADER
fixed length control field 00418 a2200109 4500
001 - CONTROL NUMBER
control field ART_25964
005 - DATE AND TIME OF LATEST TRANSACTION
control field 20260410161935.0
008 - FIXED-LENGTH DATA ELEMENTS--GENERAL INFORMATION
fixed length control field 260409a
100 1# - MAIN ENTRY--PERSONAL NAME
Personal name Montuschi, Luisa
245 10 - TITLE STATEMENT
Title El conocimiento tácito y el conocimiento codificado en la economía basada en el conocimiento
773 0# - HOST ITEM ENTRY
Title Anales de la Academia Nacional de Ciencias Económicas
Related parts - Vol. XLVII, (2002) (ene. 2002)
Record control number REV25596

No hay ítems disponibles.